[Event "21st Delhi Open 2025"]
[Site "New Delhi IND"]
[Date "2025.06.08"]
[Round "2.6"]
[White "Paichadze, Luka"]
[Black "Naga Sai Sarthak Karanam"]
[Result "1-0"]
[WhiteTitle "GM"]
[WhiteElo "2529"]
[BlackElo "1970"]
[WhiteFideId "13602934"]
[BlackFideId "25930133"]
[EventDate "2025.06.07"]

1. e4 e6 2. d4 d5 3. e5 c5 4. c3 Nc6 5. Nf3 Bd7 6. Be2 Nge7 7. O-O Ng6 8. Be3
Be7 9. Bd3 cxd4 10. cxd4 Nb4 11. Bxg6 hxg6 12. Qd2 Rc8 13. Nc3 Nc6 14. Rac1 a6
15. Rfe1 O-O 16. h4 Na5 17. Bg5 Nc4 18. Qe2 b5 19. b3 Na3 20. Qd2 Bxg5 21. Nxg5
Qe7 22. Ne2 b4 23. Nf4 Rxc1 24. Rxc1 Rc8 25. Rxc8+ Bxc8 26. Nd3 a5 27. Nc5 f6
28. Nf3 Bd7 29. Qd3 Bb5 30. Qxg6 Qf7 31. Qg3 Be2 32. exf6 Bxf3 33. Qxf3 Qxf6 34.
Qe2 Qxd4 35. Qxe6+ Kh8 36. Qe8+ Kh7 37. Qh5+ Kg8 38. Ne6 Qa1+ 39. Kh2 Qf6 40.
Qe8+ Kh7 41. Ng5+ Kh6 42. Qh8+ Kg6 43. Qh7# 1-0

[Event "21st Delhi Open 2025"]
[Site "New Delhi IND"]
[Date "2025.06.08"]
[Round "2.7"]
[White "Jagreet Misra"]
[Black "Sivuk, Vitaly"]
[Result "0-1"]
[BlackTitle "GM"]
[WhiteElo "1971"]
[BlackElo "2522"]
[WhiteFideId "33394830"]
[BlackFideId "14116502"]
[EventDate "2025.06.07"]

1. d4 Nf6 2. c4 e6 3. g3 d5 4. Bg2 Bb4+ 5. Bd2 Bd6 6. Nf3 O-O 7. Nc3 dxc4 8. O-O
Nc6 9. e4 e5 10. Bg5 h6 11. Bxf6 Qxf6 12. Nd5 Qd8 13. Ne3 exd4 14. Nxd4 Nxd4 15.
Qxd4 c6 16. Nxc4 Bc7 17. Qc5 Be6 18. Rfd1 Qg5 19. Qxg5 hxg5 20. Nd6 Rab8 21. e5
Rfd8 22. f4 gxf4 23. gxf4 g6 24. h3 Kf8 25. Ne4 Rxd1+ 26. Rxd1 Bxa2 27. Kh2 Bb6
28. Nf6 Rd8 29. Rd7 Rxd7 30. Nxd7+ Ke7 31. Nxb6 axb6 32. Kg3 b5 33. Kg4 Bb1 34.
Kf3 c5 35. Ke3 b6 36. Bf3 b4 37. h4 c4 38. Kd4 b5 39. Bc6 c3 40. bxc3 b3 41. c4
b4 42. Bd5 b2 43. c5 Bf5 44. Ba2 b3 45. Bb1 Bxb1 0-1

[Event "21st Delhi Open 2025"]
[Site "New Delhi IND"]
[Date "2025.06.08"]
[Round "2.8"]
[White "Vedant Rupeshbhai Varasada"]
[Black "Nikitenko, Mihail"]
[Result "0-1"]
[WhiteTitle "CM"]
[BlackTitle "GM"]
[WhiteElo "1968"]
[BlackElo "2520"]
[WhiteFideId "25156527"]
[BlackFideId "13506862"]
[EventDate "2025.06.07"]

1. e4 c5 2. Nf3 Nc6 3. d4 cxd4 4. Nxd4 e6 5. Nc3 Qc7 6. Be3 a6 7. Qf3 b5 8. Qg3
Bd6 9. f4 Nge7 10. Ndxb5 axb5 11. Nxb5 Qb8 12. O-O-O Bc7 13. Qxg7 Rg8 14. Qxh7
Rxa2 15. Kb1 Ra5 16. Nxc7+ Qxc7 17. f5 Qe5 18. fxe6 dxe6 19. Bc4 Rh8 20. Qxh8+
Qxh8 21. Bb6 Ra8 22. c3 Ba6 23. Ba2 Rb8 24. Bc5 Qxc3 0-1

[Event "21st Delhi Open 2025"]
[Site "New Delhi IND"]
[Date "2025.06.08"]
[Round "2.9"]
[White "Aronyak, Ghosh"]
[Black "Sobh, Amrou"]
[Result "1-0"]
[WhiteTitle "IM"]
[BlackTitle "IM"]
[WhiteElo "2510"]
[BlackElo "1963"]
[WhiteFideId "25072846"]
[BlackFideId "10601252"]
[EventDate "2025.06.07"]

1. Nf3 d5 2. g3 Nf6 3. Bg2 g6 4. c4 c6 5. Qa4 Nbd7 6. cxd5 cxd5 7. Nc3 Bg7 8. d4
O-O 9. O-O a6 10. Qb3 e6 11. Bf4 Nb8 12. Ne5 Nfd7 13. Nxd7 Nxd7 14. e3 Re8 15.
Rfc1 g5 16. Bd6 Bf8 17. Bxf8 Rxf8 18. Rc2 Qa5 19. e4 dxe4 20. Nxe4 Qd8 21. Rac1
Nb6 22. Nxg5 Qxd4 23. Rc5 Nd5 24. Bxd5 exd5 25. Rxd5 Qg7 26. Rc7 Bg4 27. h3 Bh5
28. Ne6 Qh6 29. Nxf8 Rxf8 30. Qe3 Qxe3 31. fxe3 Bf3 32. Rg5+ 1-0

[Event "21st Delhi Open 2025"]
[Site "New Delhi IND"]
[Date "2025.06.08"]
[Round "2.10"]
[White "Sreekarthika Velmurugan"]
[Black "Samant, Aditya S"]
[Result "1/2-1/2"]
[WhiteTitle "WCM"]
[BlackTitle "GM"]
[WhiteElo "1956"]
[BlackElo "2498"]
[WhiteFideId "25996045"]
[BlackFideId "35080580"]
[EventDate "2025.06.07"]

1. e4 c5 2. Nf3 Nc6 3. d4 cxd4 4. Nxd4 Nf6 5. Nc3 d6 6. f3 e5 7. Nb3 Be7 8. Be3
O-O 9. Qd2 Be6 10. O-O-O a5 11. Bb5 Nb4 12. a3 Qc7 13. Kb1 d5 14. axb4 d4 15.
Bxd4 exd4 16. Qxd4 axb4 17. Na4 Rfc8 18. Rd2 Rd8 19. Qb6 Qxb6 20. Nxb6 Bxb3 21.
Rxd8+ Rxd8 22. cxb3 Rd2 23. Rc1 g6 24. Rc7 Kf8 25. e5 Nd5 26. Rd7 Rd1+ 27. Ka2
Ne3 28. Rxd1 Nxd1 29. Nd5 Bc5 30. Nf6 Kg7 31. Nd5 Ne3 32. Nxe3 Bxe3 33. Bc4 Bf4
34. e6 fxe6 35. Bxe6 Bxh2 36. Kb1 Kf6 37. Bd5 Ke5 38. Bg8 h6 39. Bf7 g5 40. g4
Kd4 41. Kc2 Be5 42. Bg6 Ke3 43. Be4 h5 44. gxh5 g4 45. Bxb7 g3 46. f4 Bxf4 47.
Bc6 Bh6 48. Bb7 Ke2 49. Bc6 Bf8 50. Bb7 Ke3 51. Bc6 Kf4 52. Kd3 Kg4 53. Ke2 Kxh5
54. Kf3 Bd6 55. Kg2 Kg4 56. Bd5 Kf4 57. Bc4 Ke3 58. Be6 Kd2 59. Bd5 Kc2 60. Bc4
Kxb2 1/2-1/2

[Event "21st Delhi Open 2025"]
[Site "New Delhi IND"]
[Date "2025.06.08"]
[Round "2.11"]
[White "Gharibyan, Mamikon"]
[Black "Vandan Alankar Sawai"]
[Result "1-0"]
[WhiteTitle "GM"]
[BlackTitle "CM"]
[WhiteElo "2472"]
[BlackElo "1955"]
[WhiteFideId "13308300"]
[BlackFideId "25973096"]
[EventDate "2025.06.07"]

1. c4 e6 2. Nc3 d5 3. d4 Bb4 4. cxd5 exd5 5. Bf4 c5 6. e3 c4 7. Ne2 Nc6 8. a3
Be7 9. Nb5 Kf8 10. Nc7 Rb8 11. e4 dxe4 12. d5 Na5 13. Nb5 Ra8 14. Nec3 Bd7 15.
Bc7 Qe8 16. Bxa5 Bxb5 17. d6 Bd8 18. Bxd8 Rxd8 19. Qd4 Nf6 20. O-O-O a6 21. Bxc4
Bxc4 22. Qxc4 g6 23. Qd4 Kg7 24. g4 g5 25. h4 h6 26. hxg5 hxg5 27. Rxh8 Qxh8 28.
Nxe4 Qh6 29. Ng3 1-0

[Event "21st Delhi Open 2025"]
[Site "New Delhi IND"]
[Date "2025.06.08"]
[Round "2.12"]
[White "Subhrajit Dey"]
[Black "Sriram Adarsh Uppala"]
[Result "0-1"]
[WhiteElo "1955"]
[BlackElo "2460"]
[WhiteFideId "25945238"]
[BlackFideId "33319782"]
[EventDate "2025.06.07"]

1. e4 c5 2. Nc3 a6 3. g3 b5 4. Bg2 Bb7 5. Nge2 e6 6. O-O Nf6 7. d3 d6 8. h3 Nc6
9. Be3 Be7 10. d4 cxd4 11. Nxd4 Ne5 12. Qe1 Qc7 13. Rd1 b4 14. Na4 Nxe4 15. Bf4
Nf6 16. Bxb7 Qxb7 17. Bxe5 dxe5 18. Qxe5 O-O 19. Nc5 Qb8 20. Qxb8 Rfxb8 21. Nd7
Nxd7 22. Nc6 Bf6 23. Rxd7 Rb6 24. Na5 Rc8 25. Rfd1 h6 26. R1d2 Bxb2 27. Rd8+
Rxd8 28. Rxd8+ Kh7 29. Rd7 Rb5 30. Nc4 Bc1 31. Rc7 Rd5 32. Rc6 a5 33. Ra6 Rc5
34. Nxa5 Rxc2 35. Nc6 Bd2 36. Kf1 Bc3 37. Ra4 Rb2 38. Ra6 Kg6 39. Ra7 Kf6 40.
Ra4 Kf5 41. Kg2 g5 42. Kf3 Be1 43. Nd4+ Ke5 44. Ne2 h5 45. Ke3 b3 46. f4+ Kd5
47. Rd4+ Kc5 48. axb3 Rxb3+ 49. Rd3 Bf2+ 50. Kd2 Rb2+ 51. Kd1 g4 52. hxg4 hxg4
53. Rd2 Rxd2+ 54. Kxd2 Kc4 55. Kc2 f6 56. Kd2 e5 57. fxe5 fxe5 58. Kc2 Be3 59.
Nc3 Kd4 60. Nd1 e4 61. Nb2 Bf2 62. Kd2 Bxg3 63. Ke2 Bf4 64. Nd1 g3 65. Nb2 Be3
66. Kf1 Bc1 67. Na4 e3 0-1

[Event "21st Delhi Open 2025"]
[Site "New Delhi IND"]
[Date "2025.06.08"]
[Round "2.13"]
[White "Savchenko, Boris"]
[Black "Prashanth J Naik"]
[Result "1-0"]
[WhiteTitle "GM"]
[WhiteElo "2456"]
[BlackElo "1954"]
[WhiteFideId "4147332"]
[BlackFideId "45001944"]
[EventDate "2025.06.07"]

1. e4 d5 2. exd5 Nf6 3. Nf3 Bg4 4. d4 Qxd5 5. Nc3 Qh5 6. Bb5+ Nbd7 7. Be2 e5 8.
h3 O-O-O 9. O-O Bxf3 10. Bxf3 Qg6 11. dxe5 Nxe5 12. Bxb7+ Kxb7 13. Qxd8 Bd6 14.
Qxh8 Nf3+ 15. Kh1 Nh5 16. g4 Qxc2 17. Bg5 Nxg5 18. Qe8 Nxh3 19. Qe4+ 1-0

[Event "21st Delhi Open 2025"]
[Site "New Delhi IND"]
[Date "2025.06.08"]
[Round "2.14"]
[White "Rakesh, Kumar Nayak"]
[Black "Neelash, Saha"]
[Result "1/2-1/2"]
[BlackTitle "IM"]
[WhiteElo "1953"]
[BlackElo "2456"]
[WhiteFideId "5066328"]
[BlackFideId "5094160"]
[EventDate "2025.06.07"]

1. c4 b6 2. Nc3 Bb7 3. e4 e6 4. Nf3 Bb4 5. d3 d5 6. exd5 exd5 7. cxd5 Qxd5 8.
Be2 Ne7 9. O-O Bxc3 10. bxc3 c5 11. c4 Qc6 12. d4 cxd4 13. Ba3 Na6 14. Qxd4 O-O
15. Bxe7 Rfe8 16. Bd3 Rxe7 17. Bxh7+ Kf8 18. Bf5 Qh6 19. Rfe1 Bxf3 20. gxf3 Qg5+
21. Qg4 Qf6 22. Rad1 Rxe1+ 23. Rxe1 g6 24. Be4 Re8 25. Rd1 Nc5 26. Bd5 Re5 27.
h4 Rf5 28. Rd4 Nd7 29. Re4 Ne5 30. Qg3 Nxf3+ 31. Kg2 Ne5 32. a4 a5 33. Qe3 Kg7
34. Qd4 Nf3 35. Qxf6+ Kxf6 36. Re8 Nxh4+ 37. Kg3 Kg5 38. Rf8 Rf6 39. Rxf7 Nf5+
40. Kf3 Rxf7 41. Bxf7 Kf6 42. Bd5 Nd4+ 43. Ke4 Nb3 44. Bc6 Ke6 45. Kf4 Nc5 46.
f3 Kf6 47. Be8 g5+ 48. Kg4 Nd3 49. Bb5 Ne5+ 50. Kg3 Kf5 51. Ba6 Ke6 52. f4 gxf4+
53. Kxf4 Nd3+ 54. Ke3 Nb2 55. Bb5 Ke5 56. Kd2 Kd4 57. Kc2 Nxc4 58. Kb3 Nd2+ 59.
Kc2 Ne4 60. Kb3 Ke3 61. Bc6 Nd6 62. Kc3 Ke2 63. Kd4 Kd2 64. Kd5 Nc8 65. Bd7 Ne7+
66. Kd6 Ng6 67. Kc7 Kc3 68. Kxb6 Kb4 69. Be8 Ne5 70. Kc7 Nc4 71. Kc6 Ne3 72. Kd6
Nd1 73. Kd5 Nc3+ 74. Kd4 Nxa4 75. Bxa4 Kxa4 76. Kc4 Ka3 77. Kc3 Ka2 78. Kc2 Ka1
79. Kb3 a4+ 80. Ka3 Kb1 81. Kxa4 1/2-1/2

[Event "21st Delhi Open 2025"]
[Site "New Delhi IND"]
[Date "2025.06.08"]
[Round "2.15"]
[White "Savanth Krishnan R"]
[Black "Sanikidze, Tornike"]
[Result "0-1"]
[BlackTitle "GM"]
[WhiteElo "1952"]
[BlackElo "2425"]
[WhiteFideId "25749552"]
[BlackFideId "13602608"]
[EventDate "2025.06.07"]

1. e4 d6 2. d4 g6 3. f4 Bg7 4. Nf3 d5 5. e5 Nh6 6. Bd3 O-O 7. Nbd2 c5 8. c3 cxd4
9. Nxd4 Nc6 10. N2f3 f6 11. e6 f5 12. Nxc6 bxc6 13. Qe2 Ng4 14. O-O Rf6 15. h3
Rxe6 16. Qd2 Nf6 17. Qf2 Ne4 18. Qh4 Bf6 19. Ng5 Qb6+ 20. Kh1 Nxg5 21. fxg5 Bg7
22. Rf4 a5 23. Qf2 Qxf2 24. Rxf2 Re1+ 25. Rf1 Rxf1+ 26. Bxf1 Kf7 27. a4 Rb8 28.
Bd3 e5 29. Rb1 Ke6 30. Be3 e4 31. Bc2 Be5 32. Kg1 Kd6 33. Kf1 Ba6+ 34. Ke1 f4
35. Bg1 Rxb2 0-1

[Event "21st Delhi Open 2025"]
[Site "New Delhi IND"]
[Date "2025.06.08"]
[Round "2.16"]
[White "Deepan, Chakkravarthy J."]
[Black "Soumick Bandopadhyay"]
[Result "1-0"]
[WhiteTitle "GM"]
[WhiteElo "2410"]
[BlackElo "1950"]
[WhiteFideId "5011132"]
[BlackFideId "25943260"]
[EventDate "2025.06.07"]

1. g3 Nf6 2. Bg2 d5 3. f4 e6 4. Nf3 Be7 5. O-O O-O 6. d3 c5 7. c3 Nc6 8. Na3 b6
9. Nc2 Ba6 10. a4 Rc8 11. Bd2 c4 12. Be1 Nd7 13. Nfd4 Nxd4 14. Nxd4 Bc5 15. Bf2
Bxd4 16. Bxd4 Nc5 17. dxc4 Bxc4 18. Ra3 f5 19. b3 Ba6 20. b4 Ne4 21. b5 Bb7 22.
Bxe4 dxe4 23. e3 Bd5 24. Rf2 Rf7 25. h3 Rb7 26. Kh2 Bc4 27. Ra1 Rd7 28. Rg2 g6
29. g4 Qh4 30. gxf5 exf5 31. a5 Qd8 32. axb6 axb6 33. Qh5 Qf8 34. Rag1 Rcc7 35.
Rg5 Be6 36. Rxg6+ hxg6 37. Rxg6+ Rg7 38. Bxg7 Rxg7 39. Rh6 1-0

[Event "21st Delhi Open 2025"]
[Site "New Delhi IND"]
[Date "2025.06.08"]
[Round "3.1"]
[White "Arnav, Agrawal"]
[Black "Narayanan, S.L."]
[Result "0-1"]
[BlackTitle "GM"]
[WhiteElo "2096"]
[BlackElo "2600"]
[WhiteFideId "48779857"]
[BlackFideId "5058422"]
[EventDate "2025.06.07"]

1. d4 Nf6 2. c4 e6 3. Nc3 Bb4 4. Qc2 d6 5. Nf3 O-O 6. Bd2 Re8 7. e3 e5 8. dxe5
dxe5 9. O-O-O Bg4 10. Bd3 Nbd7 11. h3 Bxf3 12. gxf3 Nc5 13. Be2 a5 14. a3 c6 15.
Rhg1 Qb6 16. Rg5 e4 17. Rdg1 g6 18. Rf5 Re6 19. Rf4 exf3 20. Rxf3 Rd6 21. Be1
Bxc3 22. Bxc3 Nfe4 23. Rf4 Nxc3 24. Qxc3 Rad8 25. b4 axb4 26. axb4 Nd3+ 27. Bxd3
Rxd3 28. Qf6 R3d7 29. Qc3 Qa7 30. Qb2 Rd2 31. Qc3 R2d3 32. Qb2 Qa4 0-1

[Event "21st Delhi Open 2025"]
[Site "New Delhi IND"]
[Date "2025.06.08"]
[Round "3.2"]
[White "Ghosh, Diptayan"]
[Black "Sneha Halder"]
[Result "1-0"]
[WhiteTitle "GM"]
[BlackTitle "WFM"]
[WhiteElo "2573"]
[BlackElo "2088"]
[WhiteFideId "5045207"]
[BlackFideId "25693263"]
[EventDate "2025.06.07"]

1. Nf3 Nf6 2. c4 e6 3. g3 d5 4. Bg2 c5 5. cxd5 exd5 6. d4 Nc6 7. O-O Be7 8. Nc3
O-O 9. dxc5 Bxc5 10. Na4 Be7 11. Be3 Bf5 12. Rc1 Rc8 13. Nd4 Nxd4 14. Bxd4 Rxc1
15. Qxc1 Qa5 16. Nc3 Rc8 17. Qe3 Be6 18. Bxa7 Ba3 19. Nd1 Bc5 20. Bxc5 Qxc5 21.
Qxc5 Rxc5 22. Nc3 Kf8 23. Rd1 Ke7 24. a3 h6 25. e3 b6 26. Kf1 g5 27. Ke1 h5 28.
Rd4 Ke8 29. h4 gxh4 30. Rxh4 Bg4 31. f3 Be6 32. Bf1 Ke7 33. Kd2 Rc8 34. Bd3 Rg8
35. Ne2 Kd6 36. Ke1 Nd7 37. Kf2 Nf6 38. Rh1 Rg5 39. Rc1 Rg8 40. Bb5 Rc8 41. Rxc8
Bxc8 42. Bd3 Ke5 43. Ke1 Ne8 44. Kd2 Ng7 45. Kc3 Bf5 46. Nf4 Bxd3 47. Kxd3 Kd6
48. b4 b5 49. Ne2 Ne6 50. Nd4 Nc7 51. e4 f6 52. Ke3 Ke5 53. f4+ Kd6 54. Nf5+ Ke6
55. Kd4 dxe4 56. Kxe4 Kf7 57. Kd4 Ke6 58. Ke4 Kf7 59. Nd4 Ke7 60. Ne2 Ke6 61.
f5+ Ke7 62. Nf4 Ne8 63. Nxh5 Nd6+ 64. Kd4 Nxf5+ 65. Kc5 Nd6 66. Nxf6 Nc4 67.
Nd5+ Kd8 68. a4 Na3 69. a5 1-0

[Event "21st Delhi Open 2025"]
[Site "New Delhi IND"]
[Date "2025.06.08"]
[Round "3.3"]
[White "Karthik, Venkataraman"]
[Black "Smirnova, Ekaterina"]
[Result "1-0"]
[WhiteTitle "GM"]
[BlackTitle "WIM"]
[WhiteElo "2550"]
[BlackElo "2086"]
[WhiteFideId "25006479"]
[BlackFideId "4110943"]
[EventDate "2025.06.07"]

1. c4 c6 2. Nf3 d5 3. e3 Nf6 4. Nc3 a6 5. h3 e6 6. Qc2 c5 7. b3 Nc6 8. Bb2 Be7
9. a3 O-O 10. Bd3 b6 11. Rd1 Bb7 12. Ne2 h6 13. O-O Qc7 14. Ng3 Rfd8 15. cxd5
Rxd5 16. Ne4 Nxe4 17. Bxe4 Rd7 18. Bd3 Qd8 19. Be2 Bf6 20. Rb1 Rc8 21. Rfc1 Qe7
22. Qd1 Bxb2 23. Rxb2 e5 24. Qf1 a5 25. d3 e4 26. dxe4 Rcd8 27. Qe1 Qxe4 28. Qc3
Qg6 29. Nh4 Qg5 30. Nf3 Qg6 31. Qc2 Qf6 32. Ne1 Ne5 33. Qc3 Qe7 34. Rcc2 Ng6 35.
Rd2 Nh4 36. Rxd7 Rxd7 37. Rd2 Rxd2 38. Qxd2 Qg5 39. g3 Ng6 40. Qd6 Bc8 41. Qxb6
Bxh3 42. Qxa5 h5 43. Qa8+ Kh7 44. Qe4 Be6 45. Bc4 Bf5 46. Nf3 Qf6 47. Qd5 Kg8
48. a4 Qa1+ 49. Kg2 Qf6 50. a5 h4 51. gxh4 Bg4 52. Ng5 Nxh4+ 53. Kg3 Nf5+ 54.
Kxg4 Nh6+ 55. Kh3 1-0

[Event "21st Delhi Open 2025"]
[Site "New Delhi IND"]
[Date "2025.06.08"]
[Round "3.4"]
[White "Banik Hrishikesh Kumar"]
[Black "Petrosyan, Manuel"]
[Result "0-1"]
[BlackTitle "GM"]
[WhiteElo "2086"]
[BlackElo "2541"]
[WhiteFideId "25762940"]
[BlackFideId "13300857"]
[EventDate "2025.06.07"]

1. e4 c6 2. Nc3 d5 3. Nf3 Bg4 4. h3 Bxf3 5. Qxf3 e6 6. d3 Nf6 7. Bd2 a5 8. g4
Bc5 9. g5 Nfd7 10. h4 a4 11. O-O-O a3 12. b3 Na6 13. Bh3 Nc7 14. Kb1 Qe7 15. Qg3
Nb6 16. f4 Bb4 17. f5 d4 18. f6 gxf6 19. gxf6 Qd6 20. Qxd6 Bxd6 21. Ne2 Be5 22.
Rdf1 Nd7 23. Bf4 Bxf4 24. Nxf4 Ne5 25. Rhg1 Kd7 26. Rg7 Kd6 27. Kc1 h5 28. Rg5
c5 29. Rf2 Rh6 30. Ne2 Rah8 31. Kd2 Rg6 32. b4 b6 33. bxc5+ bxc5 34. Nf4 Rxf6 0-1

[Event "21st Delhi Open 2025"]
[Site "New Delhi IND"]
[Date "2025.06.08"]
[Round "3.5"]
[White "Gupta, Abhijeet"]
[Black "Arshpreet Singh"]
[Result "1-0"]
[WhiteTitle "GM"]
[WhiteElo "2538"]
[BlackElo "2075"]
[WhiteFideId "5010608"]
[BlackFideId "25902113"]
[EventDate "2025.06.07"]

1. d4 Nf6 2. Nf3 d5 3. c3 e6 4. Bf4 c5 5. e3 Be7 6. Nbd2 O-O 7. Bd3 b6 8. h4 Bb7
9. h5 Nc6 10. Ne5 Bd6 11. Qf3 Qc7 12. Qg3 Ne8 13. Ndf3 cxd4 14. Nxc6 Bxf4 15.
exf4 Qxc6 16. h6 g6 17. Nxd4 Qd6 18. O-O Nc7 19. Rfe1 Rae8 20. Re3 Ba6 21. Bc2
Nb5 22. Nf3 Qc7 23. Ba4 Re7 24. Bxb5 Bxb5 25. Rae1 Bd7 26. Nd4 Ree8 27. Re5 Qd8
28. a3 Qf6 29. Nf3 Rc8 30. R5e3 Rc4 31. Ne5 Rc7 32. f5 Rb7 33. fxg6 hxg6 34. Rf3
Qh8 35. Nxg6 Qxh6 36. Ne7+ Kh8 37. Rxf7 1-0

[Event "21st Delhi Open 2025"]
[Site "New Delhi IND"]
[Date "2025.06.08"]
[Round "3.6"]
[White "Ziatdinov, Raset"]
[Black "Paichadze, Luka"]
[Result "0-1"]
[WhiteTitle "GM"]
[BlackTitle "GM"]
[WhiteElo "2065"]
[BlackElo "2529"]
[WhiteFideId "2015323"]
[BlackFideId "13602934"]
[EventDate "2025.06.07"]

1. d4 Nf6 2. Nf3 e6 3. e3 b6 4. Bd3 Bb7 5. O-O c5 6. b3 Nc6 7. a3 g6 8. Bb2 Bg7
9. Nbd2 O-O 10. Qe2 Rc8 11. Rad1 cxd4 12. exd4 Ne7 13. g3 Rc7 14. Rfe1 Qa8 15.
h4 Rfc8 16. Ne5 Nf5 17. Kh2 d6 18. Nec4 b5 19. Na5 Rc4 20. c3 Rxd4 21. cxd4 Rc5
22. Bc2 Rxc2 23. Nxb7 Rxb2 24. Qxb5 Ng4+ 25. Kg1 Bxd4 26. Ne4 Bxf2+ 27. Nxf2
Nxf2 0-1

[Event "21st Delhi Open 2025"]
[Site "New Delhi IND"]
[Date "2025.06.08"]
[Round "3.7"]
[White "Sivuk, Vitaly"]
[Black "Pranay Akula"]
[Result "1-0"]
[WhiteTitle "GM"]
[WhiteElo "2522"]
[BlackElo "2063"]
[WhiteFideId "14116502"]
[BlackFideId "25131001"]
[EventDate "2025.06.07"]

1. c4 e6 2. Nc3 d5 3. d4 Nf6 4. cxd5 exd5 5. Bg5 c6 6. e3 h6 7. Bh4 Be7 8. Bd3
O-O 9. Qc2 Ne8 10. Bg3 Nd6 11. Nf3 Be6 12. O-O Nd7 13. h3 Qc8 14. Rfc1 Nf6 15.
a3 Bf5 16. Bxd6 Bxd3 17. Qxd3 Bxd6 18. b4 Qe6 19. b5 Rfc8 20. Ne2 Ne4 21. a4 a5
22. Rab1 Bb4 23. bxc6 bxc6 24. Nf4 Qd6 25. Rc2 Rab8 26. Rbc1 Ba3 27. Ra1 Bb4 28.
Qd1 Bc3 29. Raa2 Bb4 30. Qc1 Rb6 31. Nd3 Rcb8 32. Ra1 f6 33. Nc5 Qe7 34. Nxe4
dxe4 35. Nh2 Rc8 36. Nf1 c5 37. Ng3 g6 38. Rc4 f5 39. Ra2 Rbc6 40. Rac2 Rd8 41.
Qb2 Rcd6 42. dxc5 Rc6 43. Ne2 Rdc8 44. Nf4 Qf7 45. Qe5 g5 46. Ne2 Re8 47. Qd4
Qe7 1-0

[Event "21st Delhi Open 2025"]
[Site "New Delhi IND"]
[Date "2025.06.08"]
[Round "3.8"]
[White "Nikitenko, Mihail"]
[Black "Ramakrishna, J."]
[Result "1-0"]
[WhiteTitle "GM"]
[BlackTitle "FM"]
[WhiteElo "2520"]
[BlackElo "2036"]
[WhiteFideId "13506862"]
[BlackFideId "5008174"]
[EventDate "2025.06.07"]

1. e4 c5 2. Be2 Nc6 3. d3 g6 4. f4 Bg7 5. Nf3 d5 6. c3 e5 7. O-O Nge7 8. Qe1 h6
9. Na3 exf4 10. Bxf4 g5 11. Qg3 O-O 12. Nxg5 hxg5 13. Bxg5 Qd7 14. h4 Kh8 15. h5
Be5 16. Bf6+ Bxf6 17. Rxf6 Ng8 18. h6 1-0

[Event "21st Delhi Open 2025"]
[Site "New Delhi IND"]
[Date "2025.06.08"]
[Round "3.9"]
[White "Guru Prakash"]
[Black "Aronyak, Ghosh"]
[Result "0-1"]
[BlackTitle "IM"]
[WhiteElo "2049"]
[BlackElo "2510"]
[WhiteFideId "25138316"]
[BlackFideId "25072846"]
[EventDate "2025.06.07"]

1. e4 c6 2. Nf3 d5 3. Nc3 dxe4 4. Nxe4 Nf6 5. Qe2 Na6 6. Nxf6+ gxf6 7. d4 h5 8.
c3 h4 9. h3 Bf5 10. Be3 Qd5 11. Qd2 Be4 12. c4 Qf5 13. O-O-O e5 14. a3 O-O-O 15.
Be2 Nc5 16. Qc3 Bxf3 17. dxc5 Bxe2 18. Rxd8+ Kxd8 19. Qd2+ Bd3 20. Rd1 Kc8 21.
Qxd3 Qxd3 22. Rxd3 Rg8 23. Kd1 f5 24. f4 Rg3 25. Rc3 e4 26. Bd4 Rxg2 27. b4 Bg7
28. Bxg7 Rxg7 29. Ke2 Rg3 30. Re3 Rg2+ 31. Kd1 Rf2 32. b5 Rxf4 33. Ke2 Rf3 34.
Rxf3 exf3+ 35. Kxf3 Kd7 36. Kf4 Ke6 37. a4 a5 38. Kf3 Ke5 39. Ke3 f4+ 40. Kf3
Kf5 41. Kf2 Ke4 42. Ke2 f3+ 43. Kf2 Kf4 44. Kf1 Ke3 45. Ke1 f2+ 46. Kf1 f5 0-1

[Event "21st Delhi Open 2025"]
[Site "New Delhi IND"]
[Date "2025.06.08"]
[Round "3.10"]
[White "Soham Roy"]
[Black "Gharibyan, Mamikon"]
[Result "0-1"]
[BlackTitle "GM"]
[WhiteElo "2034"]
[BlackElo "2472"]
[WhiteFideId "25183206"]
[BlackFideId "13308300"]
[EventDate "2025.06.07"]

1. e4 c5 2. Nf3 e6 3. d4 cxd4 4. Nxd4 a6 5. Bd3 Qc7 6. c4 Nc6 7. Be3 Nge7 8. O-O
Ng6 9. Nc3 Bd6 10. g3 h5 11. Nxc6 Qxc6 12. f4 Bc5 13. Qf3 d6 14. e5 Qxf3 15.
Rxf3 Bxe3+ 16. Rxe3 dxe5 17. Bxg6 exf4 18. Bxf7+ Kxf7 19. Rf1 g5 20. gxf4 g4 21.
Ne4 Rd8 22. Ng5+ Kf6 23. Re5 Rd4 24. Ne4+ Kg6 25. c5 Bd7 26. Rg5+ Kh6 27. Nf6
Bb5 28. Rf2 Rd1+ 29. Kg2 Bc6+ 30. Kg3 Rd3+ 0-1

[Event "21st Delhi Open 2025"]
[Site "New Delhi IND"]
[Date "2025.06.08"]
[Round "3.11"]
[White "Sriram Adarsh Uppala"]
[Black "Shourya Paul"]
[Result "1/2-1/2"]
[WhiteElo "2460"]
[BlackElo "2022"]
[WhiteFideId "33319782"]
[BlackFideId "25155490"]
[EventDate "2025.06.07"]

1. d4 Nf6 2. c4 g6 3. Nc3 Bg7 4. e4 d6 5. Be2 O-O 6. Be3 e5 7. d5 Na6 8. h4 h5
9. f3 Nc5 10. b4 Na6 11. a3 Kh7 12. g4 Bd7 13. Nh3 Rh8 14. Nf2 Qc8 15. Qd2 hxg4
16. fxg4 Nxg4 17. Nxg4 Bxg4 18. h5 Kg8 19. O-O-O Rxh5 20. Rxh5 gxh5 21. Bxg4
hxg4 22. Rf1 f6 23. Ne2 Qd7 24. Ng3 Qa4 25. Kb2 b5 26. c5 dxc5 27. d6 c4 28.
Qd5+ Kh7 29. Bc1 Qb3+ 30. Ka1 Nxb4 31. axb4 Qa4+ 32. Kb1 Qxb4+ 33. Bb2 c3 34.
Rf2 cxb2 35. Rh2+ Kg6 36. Qd1 Qxd6 37. Qxg4+ Kf7 38. Nf5 Qd3+ 39. Rc2 Bf8 40.
Qh5+ Ke6 41. Qg4 Kf7 42. Qh5+ Ke6 43. Qg4 1/2-1/2